000 00683nam a2200241Ia 4500
003 GCL
008 140319s9999 xx 000 0 ara d
040 _aGCL /
_cGCL
082 0 4 _a327.12
_bا ا
100 1 _aابوالطيب
245 1 0 _aالاستخبارات الصهيونيةالعدد الاول /
_cابوالطيب
260 _a[S.N] :
_bمكتبة مدبولى ،
_c1993
300 _a422 ص
490 _a
650 0 4 _aالمخابرات
650 0 4 _aاسرائيل
650 0 4 _aالتخريب والتدمير
650 0 4 _aالجاسوسية
650 0 4 _aالموساد
650 0 4 _aالتصنت
650 0 4 _aالاستطلاع
942 _2ddc
_cBK
999 _c28496
_d28496